• 首页
  • 本馆介绍
  • 公告通知
  • 最新文献
  • 馆藏检索
  • 电子资源
  • 读者导购
  • 参考咨询
  • 我的图书馆
  • 登录
  • 详细信息显示
  • 放入我的书架
  • 预约/预借图书
  • 作者相关作品
  • 分类相关作品
  • 丛书相关作品
  • 出版社相关作品

书目信息

  • 表格格式
  • 工作单格式
  • 卡片格式
题名:
毛里塔尼亚史
    
 
作者: 德西雷-维耶曼 著 ;上海外国语学院德法语系法语组 译
分册:  
出版信息: 上海   上海人民出版社  1977
页数: 2册
开本: 20cm
丛书名:
单 册:
中图分类: K431.5
科图分类:
主题词: 近代史--毛里塔尼亚
电子资源:
ISBN:
000 00833nam0 2200253 45
001 0177000422
005 20040512101240.2
010    @dCNY2.30
100    @a19951017d1977 em y0chiy0121 ea
101 1  @achi@cfre
102    @aCN@b310000
105    @ay z 000yy
106    @ar
200 10 @a毛里塔尼亚史@Amao li ta ni ya shi@e1900-1934年@f(法)G.德西雷-维耶曼著@g上海外国语学院德法语系法语组译
210    @a上海@c上海人民出版社@d1977
215    @a2册@d20cm
606    @a近代史@y毛里塔尼亚
607    @a毛里塔尼亚@x近代史
690    @aK431.5@v3
701  1 @a德西雷-维耶曼@Ade xi lei - wei ye man@bG.@4著
712 02 @a上海外国语学院德法语系法语组@Ashang hai wai guo yu xue yuan fa yu xi de fa yu zu@4译
801  0 @aCN@b广东省中山图书馆@c20040512
801  2 @aCN@bNLC@c20040512
905    @f1@b228295@f1@b228293@dK431.5@e15:2
    
    毛里塔尼亚史:1900-1934年/(法)G.德西雷-维耶曼著/上海外国语学院德法语系法语组译.-上海:上海人民出版社,1977
    2册;20cm
    
    
    ISBN :CNY2.30
    
●
相关链接 在E读中查询图书 在五车中查询图书 在当当中查询图书 在豆瓣中查询图书


正题名:毛里塔尼亚史     索取号:K431.5/15:2         预约/预借

序号 登录号 条形码 馆藏地/架位号 状态 备注
1 0228293   001396117   第二借阅区/ [索取号:K431.5/15:2] 在馆    
2 0228295   001396055   第二借阅区/ [索取号:K431.5/15:2] 在馆    
3 0228296   001396073   第二样本阅览室/ [索取号:K431.5/15:2] 在馆    
唐山师范学院图书馆 欢迎您!
大连网信软件有限公司© 版权所有